| 000 | 01110cam a22003135i 4500 | ||
|---|---|---|---|
| 001 | 011937914 | ||
| 003 | EG-ScBUE | ||
| 005 | 20250702092621.0 | ||
| 008 | 951016s1995 enka f 001 0 eng d | ||
| 020 | _a0174481918 | ||
| 020 | _a9780174481911 | ||
| 040 |
_aEG-ScBUE _beng _erda _cEG-ScBUE _dEG-ScBUE |
||
| 082 | 0 | 4 |
_a540 _222 _bHIL |
| 100 | 1 |
_aHill, G. C. _q(Graham C.), _d1942- _eauthor. |
|
| 245 | 1 | 0 |
_aChemistry in context / _cGraham C. Hill, M.A. (Cantab), FRSA, Dr. Challoner's Grammar School, Amersham, John S. Holman, M.A. (Cantab), FRSC, Watford Grammar School. |
| 250 | _aFourth edition. | ||
| 264 | 1 |
_aWalton-on-Thames : _bThomas Nelson and Sons, Ltd., _c1995. |
|
| 300 |
_a614 pages : _billustrations ; _c28 cm |
||
| 336 |
_2rdacontent _atext _btxt |
||
| 337 |
_aunmediated _2rdamedia _bn |
||
| 338 |
_avolume _bnc _2rdacarrier |
||
| 500 | _aPrevious edition : 1989. | ||
| 500 | _aIncludes index. | ||
| 650 | 7 |
_aChemistry. _2BUEsh _94328 |
|
| 653 | 1 |
_aChemistry _bENGCHE _cMarch2018 |
|
| 655 | _vReading book | ||
| 700 | 1 |
_aHolman, John S. _q(John Stranger), _d1946- _eauthor. |
|
| 942 |
_2ddc _cBB |
||
| 999 |
_c26317 _d26289 |
||